Normal view MARC view

Entry Topical Term

Number of records used in: 1

001 - CONTROL NUMBER

  • control field: 65176

003 - CONTROL NUMBER IDENTIFIER

  • control field:

005 - DATE AND TIME OF LATEST TRANSACTION

  • control field: 20250521135957.0

008 - FIXED-LENGTH DATA ELEMENTS

  • fixed length control field: 250521|| aca||aabn | a|a d

040 ## - CATALOGING SOURCE

  • Original cataloging agency:
  • Transcribing agency:

150 ## - HEADING--TOPICAL TERM

  • Topical term or geographic name entry element: Russia
  • Form subdivision: History
  • General subdivision: Ivan IV, 1533-1584

670 ## - SOURCE DATA FOUND

  • Source citation: Work cat.: ()19552: GREY, Ian 1918 aut 39554, Ivan, the terrible /, 1964

National Library of Nigeria OPAC is powered by Koha